Unhinged Anagrams - Statistics

General Stats
  • This quiz has been taken 20 times
  • The average score is 4 of 13
Answer Stats
Hint Answer % Correct
egb beg
100%
sytle style
100%
napl plan
86%
eimlopr implore
36%
csowsodrr crossword
29%
tnayomn antonym
14%
moxlepiytc complexity
14%
yozget zygote
14%
tefnciotspre perfections
7%
rausindo dinosaur
0%
glangeau language
0%
oniuitspasfr passionfruit
0%
ktotshcctleu shuttlecock
0%
No matching quizzes found
Score Distribution
Percent of People with Each Score
Percentile by Number Answered
Your Score History
You have not taken this quiz